Al-Khawarizmi : tokoh matematik

Bibliographic Details
Main Author: Rosmah Mat Khalil
Format: Book
Published: Kuala Lumpur : Pustaka Prinsip , 2010
Series:Siri tokoh dan ilmuan Islam
Subjects:

MARC

LEADER 00000cam a2200000 7i4500
001 0000140285
005 20100520.0
020 |a 9789830535494 
090 0 0 |a 920   |b ROS 
100 0 |a Rosmah Mat Khalil 
245 1 0 |a Al-Khawarizmi :   |b tokoh matematik   |c Rosnah Mat Khalil 
260 |a Kuala Lumpur :   |b Pustaka Prinsip ,   |c 2010 
300 |a 27p. ;   |c 21cm. 
490 0 |a Siri tokoh dan ilmuan Islam 
650 0 0 |a Islamic stories, Malay 
999 |a 00233527   |b BUKU   |c JUNIOR BOOKS   |e PERPUSTAKAAN KOMUNITI CAW KOTA DAMANSARA 
999 |a 00233528   |b BUKU   |c JUNIOR BOOKS   |e PERPUSTAKAAN KOMUNITI PETALING JAYA 
999 |a 00235393   |b BUKU   |c JUNIOR BOOKS   |e PERPUSTAKAAN KOMUNITI CAW KOTA DAMANSARA 
999 |a 00278450   |b BUKU   |c JUNIOR BOOKS   |e PERPUSTAKAAN KOMUNITI CAW TAMAN MEDAN 
999 |a 00278462   |b BUKU   |c JUNIOR BOOKS   |e PERPUSTAKAAN KOMUNITI CAW TAMAN MEDAN